000 01246nam a2200349 i 4500
001 14522
003 ES-MaACL
005 20250808062716.0
007 t|
008 981117m19989999sp ||||0| spa j
020 _a84-7914-275-8
040 _aM-BN
_bspa
_cM-BN
080 _a271.3(460)"14/16"
080 _a248.2(460)"14/16"
080 _a242
080 _a929 Pedro de Alcántara, Santo
100 0 _aPedro de Alcántara,
_cSanto,
_d1499-1562
_989919
245 1 0 _aVida y escritos de San Pedro de Alcántara /
_cedición preparada por Rafael Sanz Valdivieso, O.F.M.
260 _aMadrid :
_bBiblioteca de Autores Cristianos,
_c1996.
300 _aLXXVII, 549 p. ;
_c20 cm.
490 1 _aBiblioteca de autores cristianos ;
_v570
490 1 _aMísticos franciscanos españoles ;
_v1
600 0 4 _aPedro de Alcántara,
_cSanto,
_d1499-1562
_989919
610 2 _aFranciscanos-
_zEspaña-
_yS.XV-XVII.
_94175
650 _aMisticismo-
_zEspaña.
_9138735
650 1 4 _aMeditaciones.
_914983
700 1 _aSanz Valdivieso, Rafael.
_9103688
830 0 0 _aBiblioteca de autores cristianos
_v570
_9178679
830 0 _aMísticos franciscanos españoles ;
_v1
_9179644
852 _aES-MaACL
_jJ-557
_bR.46092
999 _c14522
_d14522